| 000 | 00614nam a2200169 a 4500 | ||
|---|---|---|---|
| 001 | 000021772 | ||
| 005 | 20200930011437.0 | ||
| 008 | 100913s1959 dr 000 0 spa d | ||
| 040 |
_aDO-SdBNP _bspa _cBNPHU |
||
| 082 |
_axxxx _bO13c |
||
| 111 | 2 |
_aConferencia la obra cristiana del benefactor de la patria _d(1958 dic. 17 : _cSanto Domingo) _945238 |
|
| 245 | 1 | 3 |
_aLa obra cristiana del Benefactor de la Patria / _cEduardo Ross. |
| 260 |
_aCiudad Trujillo, República Dominicana : _bEditora del Caribe, _c1959. |
||
| 300 |
_a26 p. ; _c24 cm. |
||
| 710 | 2 |
_aPublicaciones del Partido Dominicano _945239 |
|
| 049 | _aBNPD | ||
| 999 |
_c21271 _d21271 |
||